What's the Point...?!? Quiz Stats

 Plays Quiz Updated Oct 14, 2018

Challenge
Share
Tweet
Embed
Score 0/24 Timer 05:00
2 Plays Today
Hint Answer % Correct
A Microsoft Office programPowerPoint
94.6%
Used at the end of a sentence that expresses a strong emotionExclamation Point
84.7%
The player on a basketball team who usually directs the offensePoint Guard
81.2%
A type of ink-dispensing writing utensilBallpoint Pen
78.6%
100 C, 212 F, and 373.15 K or a show on MTVBoiling Points
76.6%
This usually means the end of a tennis match, or a 2005 Woody Allen filmMatch Point
75%
US Military Academy located in New YorkWest Point
71.6%
Direct, straight-forward speech or in very close rangePoint Blank
71.1%
Doing someone a favor may earn you these but not necessarily any dessertBrownie Points
68.5%
To locate or identify with precisionPinpoint
66.4%
A form of embroideryNeedlepoint
64.5%
A subject that is debatable but is irrelevant or of no practical importanceMoot Point
62.7%
Hint Answer % Correct
A spot on the skin or body which is highly sensitive to a force or compressionPressure Point
62.2%
A line that when crossed results in irrevocable commitmentPoint of no return
60.6%
1991 Patrick Swayze surfing/bank robbery flickPoint Break
46%
Amusement park located in Sandusky, OHCedar Point
40.9%
R&B Group famous for the hit song 'I'm So Excited'Pointer Sisters
35.6%
The spot at which light converges from a mirror or lensFocal Point
31.2%
Spot that affords a nice view or a 2008 film starring Dennis QuaidVantage Point
28.6%
1997 film starring John Cusack and Minnie DriverGrosse Pointe Blank
25.1%
2001 novel by Dan BrownDeception Point
18.1%
Malcolm Gladwell book first published in 2000The Tipping Point
15.5%
A specific example of what one is talking aboutCase in point
14.6%
A Linkin Park song or locations of a judge?Points of Authority
6.2%

You're not logged in!

Compare scores with friends on all Sporcle quizzes.
OR
Log In

You Might Also Like...

Show Comments

Extras

Top Quizzes Today


Score Distribution

Your Account Isn't Verified!

In order to create a playlist on Sporcle, you need to verify the email address you used during registration. Go to your Sporcle Settings to finish the process.

Report this User

Report this user for behavior that violates our Community Guidelines.

Details: